| 000 | 00504cam a22001697a 4500 | ||
|---|---|---|---|
| 008 | 180718b2005 xxu||||| |||| 00| 0 eng d | ||
| 020 | _a8190294660 | ||
| 082 | _aT39 L17 | ||
| 100 | _aLamba, Harinder S. | ||
| 245 |
_aRethinking progress: towards a creative transformation of global society _cby Harinder S. Lamba |
||
| 260 |
_aDelhi _bDaanish Books _c2005 |
||
| 300 | _a348p. | ||
| 650 | _aEconomic development | ||
| 650 | _aEnvironmental degradation | ||
| 650 | _aPoverty | ||
| 650 | _aGlobalization | ||
| 999 |
_c405076 _d405076 |
||